Running Microsoft Access. / (Record no. 2349)

MARC details
000 -LEADER
fixed length control field 01415nam a22002057a 4500
008 - FIXED-LENGTH DATA ELEMENTS--GENERAL INFORMATION
fixed length control field 120918t xxu||||| |||| 00| 0 eng d
020 ## - INTERNATIONAL STANDARD BOOK NUMBER
International Standard Book Number 1556155077
050 ## - LIBRARY OF CONGRESS CALL NUMBER
Classification number QA76.9.D3 V55
100 ## - MAIN ENTRY--PERSONAL NAME
Personal name Viescas, John L.
245 ## - TITLE STATEMENT
Title Running Microsoft Access. /
Statement of responsibility, etc. John L. Viescas
250 ## - EDITION STATEMENT
Edition statement Authorised ed.
260 ## - PUBLICATION, DISTRIBUTION, ETC.
Place of publication, distribution, etc. Redmond, Washington:
Name of publisher, distributor, etc. Microsoft Press,
Date of publication, distribution, etc. 1993.
300 ## - PHYSICAL DESCRIPTION
Extent xvii, 522 p:
Dimensions 24cm.
500 ## - GENERAL NOTE
General note Includes index.
505 ## - FORMATTED CONTENTS NOTE
Formatted contents note Contents: Understanding Microsoft Access: Microsoft access is a database and more -- The Uses of microsoft access -- Touring Microsoft Access -- Building a database: Designing your database -- Building your database in Microsoft Access -- Modifying your database design -- Working with data: Using datasheets -- Adding power with select queries -- Modifying data with action queries -- Importing, attaching, and exporting data -- Using forms: Form basics -- Building a form -- Customizing forms -- Advanced form design -- Building reports: Report basics -- Constructing a report -- Advanced report design -- Creating an application: Adding power with macros -- Designing the prompt computer solutions application -- Appendix A: Installing Microsoft Access -- Appendix B: Sample database schemas -- Appendix C: The Database analyzer.
650 ## - SUBJECT ADDED ENTRY--TOPICAL TERM
Topical term or geographic name entry element Database management.
650 ## - SUBJECT ADDED ENTRY--TOPICAL TERM
Topical term or geographic name entry element Microsoft Access.
650 ## - SUBJECT ADDED ENTRY--TOPICAL TERM
Topical term or geographic name entry element Databases
General subdivision Management
-- Software
942 ## - ADDED ENTRY ELEMENTS (KOHA)
Source of classification or shelving scheme Library of Congress Classification
Koha item type Books
Holdings
Withdrawn status Lost status Source of classification or shelving scheme Damaged status Not for loan Home library Current library Shelving location Date acquired Total Checkouts Full call number Barcode Date last seen Copy number Price effective from Koha item type
    Library of Congress Classification     WISCONSIN INTERNATIONAL UNIVERSITY COLLEGE, GHANA - MAIN LIBRARY WISCONSIN INTERNATIONAL UNIVERSITY COLLEGE, GHANA - MAIN LIBRARY General Stacks 18/09/2012   QA76.9.D3 V55 6052/12 18/09/2012 1 18/09/2012 Books

If you have any concerns or questions; kindly contact the library


© Powered by WIUC ICT DIRECTORATE